Responses for Show #6416 - Monday, July 9, 2012

Contestants

[<< previous game]

Kelly Regan, an editorial director from Philadelphia, Pennsylvania

Christy Gibson, a family medicine physician from Issaquah, Washington

Stephanie Fontaine, an analyst from Arlington, Virginia (whose 2-day cash winnings total $35,100)

[next game >>]

Jeopardy! Round responses

LATIN LOVERS NEEDED
AIRLINES
U.S. OLYMPIC HALL OF FAME INDUCTEES
ALSO A BEVERAGE
VICE PRESIDENTS
SEAS OF THE WORLD
    $200 6
(Stephanie: What is post-meridian?)
(Christy: What is apres-midi?)

post-meridiem

StephanieChristy
Triple Stumper
    $200 1
Delta

Kelly
    $200 7
gymnastics

Christy
    $200 12
(Christy: What is Coca-Cola?)
(Alex: [*], that's--yes. No. No, sorry. Stephanie.)
(Stephanie: What is [*]?)
[Initially credited, but as Alex had already given out the correct response, the $200 was deducted from Stephanie's score during the first break.]

coke

Christy
Triple Stumper
    $200 17
Dick Cheney

Stephanie
    $200 22
the Mediterranean

Kelly
    $400 2
Heathrow Airport

Kelly
    $400 8
men's figure skating

Kelly
    $400 13
punch

Stephanie
    $800 18
(Stephanie: Truman?)

Lyndon Baines Johnson

Stephanie
    $400 23
India

Kelly
    $600 3
Air France

Stephanie
    $600 9
men's volleyball

Kelly
    $600 14
Milk

Triple Stumper
    $600 19
Walter Mondale

Kelly
    $600 24
Antarctica

Triple Stumper
    $800 4
JetBlue

Kelly
    $800 10
ice hockey

Kelly
    $800 15
juice

Stephanie
    $800 20
(Elbridge) Gerry

Stephanie
    $800 25
the Coral Sea

Triple Stumper
    $1000 5
(Stephanie: What is Swedish?)
(Kelly: What is Scandinavia?)
(Alex: That's it. No. No, sorry.
You were close.)
(Kelly: [*].)
(Alex: It's [*] Airlines System, yes.)

Scandinavian

StephanieKelly
Triple Stumper
    $1000 11
swimming

Christy
    $1000 16
a smoothie

Triple Stumper
    $1000 21
Alben Barkley

Triple Stumper
    $1000 26
(Stephanie: What is Baffin Island?)
[The end-of-round signal sounds.]

Greenland

StephanieKelly

Scores at the first commercial break (after clue 15):

Stephanie Christy Kelly
$600 $800 $2,200

Scores at the end of the Jeopardy! Round:

Stephanie Christy Kelly
-$200 $800 $4,400

Double Jeopardy! Round responses

KNIGHT TIME
MUSICAL INSTRUMENTS
RACHEL
LIFE OF PI
THAT CHARACTER HAS AUTHOR!
"M-S" WORD
    $400 6
Sunday

Kelly
    $400 1
a reed

Kelly
    $400 7
Rachel Weisz

Triple Stumper
    $400 19
Egypt

Kelly
    $400 12
John Irving

Stephanie
    $400 29
[The end-of-round signal sounds.]

mass

Kelly
    $800 17
Mary

Stephanie
    $800 2
the Appalachians

Stephanie
    $800 8
True Blood

Kelly
    $800 20
ENIAC

Triple Stumper
    $800 13
(Joseph) Heller

Stephanie
    $800 28
molasses

Stephanie
    $1200 18
Riga

Kelly
    $600 3
a balalaika

Stephanie
    $1200 9
Lea Michele

Stephanie
    $1200 21
his tombstone

Stephanie
    $1200 14
Frank Herbert

Triple Stumper
    $1200 25
Madras

Kelly
    $1600 24
(Christy: What are heralds?)

a coat-of-arms

StephanieChristy
    $1600 4
a marimba

Triple Stumper
    $1600 10
Rachel Maddow

Kelly
    $1,200 22
(Stephanie: Who is Pythagoras?)

Archimedes

Stephanie
    $1600 15
(Kelly: Who is Theodore Dreiser?)

Upton SInclair

StephanieKelly
    $1600 26
(Christy: What are mantras?)

mythos

ChristyKelly
    $2000 5
(Christy: What is harp?)

Ocarina of Time

Christy
Triple Stumper
    $2000 11
Rachel Griffiths

Triple Stumper
    $2000 23
(Christy: What is a prime number?)
(Kelly: What is an imaginary number?)

an irrational number

StephanieChristyKelly
    $2000 16
(William) Faulkner

Stephanie
    $2000 27
malodorous

Stephanie

Scores at the end of the Double Jeopardy! Round:

Stephanie Christy Kelly
$14,400 -$6,400 $8,800

[wagering suggestions for these scores]

Final Jeopardy! Round responses

NOBEL PRIZE-WINNING SCIENTISTS
KellyWhat is nuclear physics
$7,000
StephanieWhat is DNA
$5,000
DNA

Final scores:

Stephanie Christy Kelly
$19,400 -$6,400 $1,800
3-day champion: $54,500 3rd place: $1,000 2nd place: $2,000

Game dynamics:

Coryat scores:

Stephanie Christy Kelly
$17,000 -$6,400 $8,800
18 R
(including 1 DD),
5 W
(including 2 DDs)
2 R,
6 W
19 R,
3 W

Combined Coryat: $19,400

[game clues] [game scores] [suggest correction]

Game tape date: 2012-03-06
The J! Archive is created by fans, for fans. Scraping, republication, monetization, and malicious use prohibited; this site may use cookies and collect identifying information. See terms. The Jeopardy! game show and all elements thereof, including but not limited to copyright and trademark thereto, are the property of Jeopardy Productions, Inc. and are protected under law. This website is not affiliated with, sponsored by, or operated by Jeopardy Productions, Inc. Join the discussion at JBoard.tv.